यशस्विनी (Record no. 423156)

MARC details
000 -LEADER
fixed length control field 00477nam a2200157Ia 4500
008 - FIXED-LENGTH DATA ELEMENTS--GENERAL INFORMATION
fixed length control field 100122s9999 xx 000 0 und d
082 ## - DEWEY DECIMAL CLASSIFICATION NUMBER
Item number 42861
Classification number 926.1
100 ## - MAIN ENTRY--PERSONAL NAME
Personal name गायकवाड विनोदिनी
245 ## - TITLE STATEMENT
Title यशस्विनी
260 ## - PUBLICATION, DISTRIBUTION, ETC. (IMPRINT)
Name of publisher, distributor, etc निर्मल प्रकाशन
Date of publication, distribution, etc 1988
300 ## - PHYSICAL DESCRIPTION
Extent 130
630 ## - SUBJECT ADDED ENTRY--UNIFORM TITLE
Uniform title यशस्विनी
700 ## - ADDED ENTRY--PERSONAL NAME
Personal name सावंत सुरेश
730 ## - ADDED ENTRY--UNIFORM TITLE
Uniform title यशस्विनी
942 ## - ADDED ENTRY ELEMENTS (KOHA)
Koha item type Book
Holdings
Withdrawn status Lost status Damaged status Not for loan Home library Current library Date acquired Cost, normal purchase price Total Checkouts Full call number Barcode Date last seen Cost, replacement price Price effective from Koha item type Public note
        S.V. Pathak Library, Vile Parle S.V. Pathak Library, Vile Parle 05/12/1989 40.00   42861 SVPPARLE-42861 01/25/2010 40.00 01/25/2010 Book Compiled NA